01316nam a2200265 a 450000100060000000300080000600500170001400800410003102000150007203500190008704000320010604100080013808200380014611000770018424503160026124601480057726000500072530000380077549000260081365100540083965100710089370000250096471000350098983000260102464195BD-RjUL20211209081300.0170126s1963 pk s o00| 0 eng  c: PRs.4.00 a(BD-RjUL)64325 aDLCcDLCdDLCdBD-RjULbeng aeng a304.609549021223bHYD 1963 (DCR) aPakistan.bMinistry of Home and Kashmir Affairs (Home Affairs Division).10aPopulation census of Pakistan, 1961 : bDistrict census report, Hyderabad. Parts I-V : General description, general tables, housing tables, population tables, and village statistics. / cPakistan. Ministry of Home and Kashmir Affairs (Home Affairs Division) ; Census organization (Pakistan) ; A. Rashid, [comp.] aDistrict census report, HyderabadbParts I-V : General description, general tables, housing tables, population tables, and village statistics.  aKarachi : bManager of publications,c[1963]. avarious pagings :bIll. ;c25 cm. acensus, 61 ;vNo. 138 aPakistan (West Pakistan)zHyderabadvCensus, 1961 aPakistan (West Pakistan)zHyderabadxPopulationvStatistics y1961 aRashid, A. , [comp.] aCensus organization (Pakistan) acensus, 61 ;vNo. 138